الموارد الاقتصادية وموارد الطاقة والبترول /
يتلخص هذا الكتاب فى التحدث عن موضوع الموارد الاقتصادية وموارد الطاقة والبترول، حيث يعرض موضوع دراستنا هذة عن الموارد الاقتصادية وموارد الطاقة والبترول، لنفسه من خلال جزئين رئيسيين، يتناول أولهما قضية الموارد الاقتصادية، ويتناول ثانيهما قضية موارد الطاقة والبترول....
Saved in:
| 主要作者: | |
|---|---|
| 格式: | 图书 |
| 语言: | 阿拉伯语 |
| 出版: |
القاهرة :
مكتبة الأنجلوالمصرية،
1999.
|
| 主题: | |
| 标签: |
添加标签
没有标签, 成为第一个标记此记录!
|
MARC
| LEADER | 00000nam a2200000Ia 4500 | ||
|---|---|---|---|
| 003 | INP | ||
| 005 | 20181118120140.0 | ||
| 008 | 140319s1999 ua a fr 000 0 ara d | ||
| 952 | |0 0 |1 0 |4 0 |6 339_490000000000000_ف_م |7 0 |8 arabic_Boo |9 2780 |a INP |b INP |c MAIN |d 2018-03-26 |l 0 |o 339.49 ف م |p 002881 |r 2022-03-28 00:00:00 |w 2018-03-26 |y BK |0 0 | ||
| 999 | |c 3641 |d 3641 | ||
| 017 | |a 1999/7338 |b مصر. دار الكتب | ||
| 020 | |a 977051702x | ||
| 040 | |a EG-INP |c EG-INP |b ara | ||
| 082 | 0 | 4 | |a 339.49 |b ف م |2 21 |
| 100 | 1 | |a الأهدن، فرهاد محمد على. | |
| 245 | 1 | 2 | |a الموارد الاقتصادية وموارد الطاقة والبترول / |c فرهاد محمد على الأهدن. |
| 260 | |a القاهرة : |b مكتبة الأنجلوالمصرية، |c 1999. | ||
| 300 | |a 277 ص : |b إيض. ؛ |c 23 سم. | ||
| 520 | |a يتلخص هذا الكتاب فى التحدث عن موضوع الموارد الاقتصادية وموارد الطاقة والبترول، حيث يعرض موضوع دراستنا هذة عن الموارد الاقتصادية وموارد الطاقة والبترول، لنفسه من خلال جزئين رئيسيين، يتناول أولهما قضية الموارد الاقتصادية، ويتناول ثانيهما قضية موارد الطاقة والبترول. | ||
| 650 | 7 | |a الموارد الاقتصادية. |2 qrmak | |
| 650 | 7 | |a الثروة المعدنية. |2 qrmak | |
| 650 | 7 | |a الطاقة. |2 qrmak | |
| 650 | 7 | |a الاستثمارات الاجنبية. |2 qrmak | |
| 650 | 7 | |a الموارد الاقتصادية. |2 qrmak | |
| 650 | 7 | |a البترول |x اقتصاديات. |2 qrmak | |
| 650 | 7 | |a الطاقة |x أشكال. |2 qrmak | |
| 650 | 7 | |a الموارد الطبيعية. |2 qrmak | |
| 901 | |a EGPV19 | ||
| 902 | |a EGPV5 | ||
| 903 | |a copycat | ||
| 942 | |c BK |2 ddc | ||